[Event "Plancoet op 1st"]
[Site "Plancoet"]
[Date "2001.??.??"]
[Round "1"]
[White "Gougis, Maurice"]
[Black "Gorge, Eric"]
[Result "0-1"]
[WhiteElo "1650"]
[BlackElo "2170"]
[PlyCount "64"]
[EventDate "2001.??.??"]
[EventType "swiss"]
[EventRounds "9"]
[EventCountry "FRA"]
[SourceTitle "EXT 2003"]
[Source "ChessBase"]
[SourceDate "2002.11.25"]
[SourceVersion "1"]
[SourceVersionDate "2002.11.25"]
[SourceQuality "1"]

1. Nf3 b6 2. g3 Bb7 3. Bg2 e5 4. d3 f5 5. e3 Nf6 6. Nbd2 d6 7. 0-0 Be7 8. b3 Nc6 9. Bb2 Qd7 10. a3 0-0-0 11. Ng5 Rdf8 12. e4 h6 13. Bh3 g6 14. Ngf3 Ng4 15. Nh4 Bxh4 16. gxh4 Nd8 17. Qe2 Ne6 18. f4 Nd4 19. Bxd4 exd4 20. Rf3 Qe7 21. Rg3 h5 22. Nf3 fxe4 23. Bxg4+ hxg4 24. Rxg4 Qd7 25. Nxd4 c5 26. dxe4 cxd4 27. Rd1 Bxe4 28. Rxd4 Re8 29. Rg3 Bc6 30. Qd2 Re6 31. a4 Rhe8 32. Kf2 Qe7 0-1